<?xml version="1.0" encoding="UTF-8"?>
<record
    xmlns:xsi="http://www.w3.org/2001/XMLSchema-instance"
    xsi:schemaLocation="http://www.loc.gov/MARC21/slim http://www.loc.gov/standards/marcxml/schema/MARC21slim.xsd"
    xmlns="http://www.loc.gov/MARC21/slim">

  <leader>06583nam a2200397uu 4500</leader>
  <controlfield tag="001">1022289</controlfield>
  <controlfield tag="005">20260507074546.0</controlfield>
  <controlfield tag="007">co|||||||</controlfield>
  <controlfield tag="008">070323e20071121                    spa  </controlfield>
  <datafield tag="035" ind1=" " ind2=" ">
    <subfield code="a">1022289</subfield>
  </datafield>
  <datafield tag="040" ind1=" " ind2=" ">
    <subfield code="c">comduadb</subfield>
  </datafield>
  <datafield tag="041" ind1=" " ind2=" ">
    <subfield code="a">spa</subfield>
  </datafield>
  <datafield tag="080" ind1=" " ind2=" ">
    <subfield code="a">Q/CD</subfield>
  </datafield>
  <datafield tag="082" ind1=" " ind2="4">
    <subfield code="a">307</subfield>
  </datafield>
  <datafield tag="100" ind1="1" ind2="0">
    <subfield code="a">Restrepo Betancur, Carolina</subfield>
    <subfield code="4">aut</subfield>
    <subfield code="e">aut</subfield>
    <subfield code="9">554692</subfield>
  </datafield>
  <datafield tag="245" ind1="1" ind2="0">
    <subfield code="a">Caracterizacion de las cinco juntas de accion comunal de las veredas del municipio de Amalfi impactadas por el Proyecto Hidroelectrico Porce III y sus posibilidades hacia el desarrollo local endogeno</subfield>
  </datafield>
  <datafield tag="260" ind1=" " ind2=" ">
    <subfield code="a">Medell&#xED;n :</subfield>
    <subfield code="b">[sin publicador],</subfield>
    <subfield code="c">2007.</subfield>
  </datafield>
  <datafield tag="300" ind1=" " ind2=" ">
    <subfield code="a">1 CD-ROM</subfield>
  </datafield>
  <datafield tag="520" ind1="3" ind2=" ">
    <subfield code="a">
Para llevar a cabo el trabajo investigativo "

Caracterizaci&#xF3;n de las cinco Juntas de Acci&#xF3;n Comunal de las veredas del Municipio de Amalfi impactadas por el Proyecto Hidroel&#xE9;ctrico porce III y sus posibilidades hacia el desarrollo local end&#xF3;geno"

, enfocado en las veredas de la zona de influencia del Proyecto Hidroel&#xE9;ctrico Porce III (Maria Teresa, El Guaico, La Cristalina, La Manguita y Mangos Calentura); se hizo necesario contar con tres actores fundamentales que inciden directamente en el proceso que se lleva a cabo con estas veredas.

El primero de estos actores y m&#xE1;s importante son las comunidades de las veredas afectadas, especialmente sus Juntas de Acci&#xF3;n Comunal; el segundo es el componente de Gesti&#xF3;n Social del Proyecto Hidroel&#xE9;ctrico Porce III y el &#xFA;ltimo es la administraci&#xF3;n del Municipio de Amalfi, concentrado especialmente en la Secretaria de Desarrollo Rural Ambiental y Comunitario.

Un componente fundamental dentro de la investigaci&#xF3;n, es el cuerpo te&#xF3;rico centrado en el t&#xE9;rmino Desarrollo Local End&#xF3;geno, basado primordialmente en autores como Max-Neef, Seen y Boisier, el inter&#xE9;s fundamental fue identificar las reales condiciones presentadas en estas cinco veredas para poder hablar de un desarrollo local. Adem&#xE1;s,  se tomaron t&#xE9;rminos como participaci&#xF3;n y organizaci&#xF3;n comunitaria, siendo dos componentes necesarios para hablar de desarrollo. Despu&#xE9;s de llevar a cabo el trabajo de campo,  se hizo visible la ausencia constante de participaci&#xF3;n dentro de los socios de las JAC y una ausencia marcada de mecanismos de participaci&#xF3;n y articulaci&#xF3;n para poder hablar de Organizaci&#xF3;n Social.

Para obtener la informaci&#xF3;n necesaria para esta investigaci&#xF3;n, se tuvieron en cuenta dos aspectos fundamentales: el primero de ellos fue el trabajo de campo con cada uno de las cinco veredas afectadas por el proyecto y el segundo fueron las fuentes secundarias; para esta &#xFA;ltima, se cont&#xF3; con una serie de herramientas como los boletines publicados trimestralmente por Gesti&#xF3;n Social de EPM, cada uno de los documentos recopilados por EPM durante la planeacion del Proyecto y una serie de trabajos realizados con respecto al tema de las Organizaciones Comunales y el Municipio de Amalfi.

El otro componente necesario para obtener la informaci&#xF3;n como se mencion&#xF3; anteriormente, fue el trabajo de campo. Este se lleva a cabo a partir de una primera reuni&#xF3;n con los cinco presidentes de las JAC; durante esta reuni&#xF3;n se les explic&#xF3; la importancia de la participaci&#xF3;n de sus comunidades no s&#xF3;lo para fines investigativos-estudiantiles, sino tambi&#xE9;n para la identificaci&#xF3;n de las problem&#xE1;ticas m&#xE1;s fuertes al interior de sus organizaciones y poder localizar  las posibles soluciones. 

Al terminar la reuni&#xF3;n se organiz&#xF3; un cronograma de entrevistas a cada uno de los presidentes y una visita a cada una de las veredas, con el fin de llevar a cabo un taller en cada una de ellas. Con las entrevistas fue posible identificar la falta de arraigo de los socios de las Juntas y la falta de motivaci&#xF3;n, pues es el presidente quien lleva casi solo el direccionamiento no solo de la JAC, sino tambi&#xE9;n de la misma vereda.

En cada una de las visitas a las veredas, se llev&#xF3; a cabo un Diagnostico R&#xE1;pido Participativo DRP con cuatro t&#xE9;cnicas fundamentales (Mapa Mental, DOFA, Visualizaci&#xF3;n de Tarjetas y la Balanza) que lograron vislumbrar no s&#xF3;lo el estado de las JAC, sino tambi&#xE9;n las relaciones actuales con el Municipio y Gesti&#xF3;n Social; en general, cada una de las veredas no cuenta con el suficiente apoyo de las entidades p&#xFA;blicas y privadas, lo que ha generado que la comunidad sienta desconfianza frente a las nuevas propuestas.

A ra&#xED;z del trabajo de campo llevado a cabo dentro de cada una de estas cinco organizaciones y sus miembros, se concluye que hablar de Desarrollo Local End&#xF3;geno es una utop&#xED;a dadas las condiciones actuales, donde la comunidad no cuenta con el apoyo constante de la Administraci&#xF3;n Municipal para llevar a cabo diferentes proyectos que motiven a la comunidad a participar y a proyectar su organizaci&#xF3;n.
En cuanto a Gesti&#xF3;n Social de Porce III, se hace necesaria la implementaci&#xF3;n  de capacitaciones en tem&#xE1;ticas relacionadas al manejo interno de las JAC para lograr una apropiaci&#xF3;n de lo que se tiene, evidenciar las ventajas de pertenecer a la organizaci&#xF3;n y las posibilidades de consecuci&#xF3;n de recursos por medio de proyectos productivos.

Se hace necesario entonces, que Gesti&#xF3;n Social de Empresas Publicas en futuros proyecto, tome conciencia real de las necesidades de las comunidades y para esto debe realizar un trabajo con antelaci&#xF3;n suficiente al comienzo de la construcci&#xF3;n de la Presa, para identificar las necesidades y potencialidades de la poblaci&#xF3;n de la zona.

Por otro lado se hace necesario que el Municipio de Amalfi, vincule profesionales del &#xE1;rea social dedicados solo al acompa&#xF1;amiento de las Juntas de Acci&#xF3;n Comunal,  en acciones encaminadas a potenciar sus fortalezas con el fin de mejorar el bienestar de la comunidad, dando continuidad a los procesos y a los proyectos para lograr as&#xED; una mayor participaci&#xF3;n para el desarrollo local.







</subfield>
  </datafield>
  <datafield tag="650" ind1=" " ind2=" ">
    <subfield code="a">Juntas de Accion Comunal - Amalfi (Antioquia)</subfield>
    <subfield code="9">159395</subfield>
  </datafield>
  <datafield tag="650" ind1=" " ind2=" ">
    <subfield code="a">Central Hidroel&#xE9;ctrica Porce III</subfield>
    <subfield code="9">115461</subfield>
  </datafield>
  <datafield tag="650" ind1=" " ind2=" ">
    <subfield code="a">Desarrollo local</subfield>
    <subfield code="9">45272</subfield>
  </datafield>
  <datafield tag="650" ind1=" " ind2=" ">
    <subfield code="a">Gesti&#xF3;n social</subfield>
    <subfield code="9">56643</subfield>
  </datafield>
  <datafield tag="650" ind1=" " ind2="7">
    <subfield code="a">Participaci&#xF3;n comunitaria</subfield>
    <subfield code="2">lemb</subfield>
    <subfield code="9">574</subfield>
  </datafield>
  <datafield tag="650" ind1=" " ind2="7">
    <subfield code="a">Centrales hidroel&#xE9;ctricas</subfield>
    <subfield code="2">lemb</subfield>
    <subfield code="9">32636</subfield>
  </datafield>
  <datafield tag="650" ind1=" " ind2=" ">
    <subfield code="a">Amalfi (Antioquia)</subfield>
    <subfield code="9">31753</subfield>
  </datafield>
  <datafield tag="650" ind1=" " ind2=" ">
    <subfield code="a">Juntas de Acci&#xF3;n Comunal</subfield>
    <subfield code="9">173882</subfield>
  </datafield>
  <datafield tag="650" ind1=" " ind2=" ">
    <subfield code="a">Desarrollo endogeno</subfield>
    <subfield code="9">91833</subfield>
  </datafield>
  <datafield tag="650" ind1=" " ind2=" ">
    <subfield code="a">Sector el&#xE9;ctrico</subfield>
    <subfield code="9">15724</subfield>
  </datafield>
  <datafield tag="650" ind1=" " ind2=" ">
    <subfield code="a">Sector energ&#xE9;tico</subfield>
    <subfield code="9">65279</subfield>
  </datafield>
  <datafield tag="700" ind1="1" ind2="0">
    <subfield code="a">Ochoa Parra, Maricel</subfield>
    <subfield code="4">aut</subfield>
    <subfield code="e">aut</subfield>
    <subfield code="9">438587</subfield>
  </datafield>
  <datafield tag="700" ind1="1" ind2="0">
    <subfield code="a">Valderrama Barrera, Martha In&#xE9;s</subfield>
    <subfield code="4">ths</subfield>
    <subfield code="e">ths</subfield>
    <subfield code="9">478065</subfield>
  </datafield>
  <datafield tag="942" ind1=" " ind2=" ">
    <subfield code="c">TESIS</subfield>
  </datafield>
  <datafield tag="999" ind1=" " ind2=" ">
    <subfield code="c">411594</subfield>
    <subfield code="d">411594</subfield>
  </datafield>
  <datafield tag="502" ind1=" " ind2=" ">
    <subfield code="b">107</subfield>
    <subfield code="c">12</subfield>
  </datafield>
  <datafield tag="526" ind1=" " ind2=" ">
    <subfield code="a">108</subfield>
  </datafield>
  <datafield tag="952" ind1=" " ind2=" ">
    <subfield code="0">0</subfield>
    <subfield code="1">0</subfield>
    <subfield code="4">0</subfield>
    <subfield code="7">0</subfield>
    <subfield code="8">TESDIGBC</subfield>
    <subfield code="a">BC</subfield>
    <subfield code="b">BC</subfield>
    <subfield code="d">2007-03-23</subfield>
    <subfield code="e">Material adquirido por donaci&#xF3;n</subfield>
    <subfield code="i">C943837</subfield>
    <subfield code="l">0</subfield>
    <subfield code="o">307.14 R436 CD-ROM</subfield>
    <subfield code="p">0718772</subfield>
    <subfield code="r">2023-04-27 00:00:00</subfield>
    <subfield code="t">1</subfield>
    <subfield code="w">2023-04-27</subfield>
    <subfield code="y">DIGITAL</subfield>
  </datafield>
  <datafield tag="952" ind1=" " ind2=" ">
    <subfield code="0">0</subfield>
    <subfield code="1">0</subfield>
    <subfield code="4">0</subfield>
    <subfield code="7">0</subfield>
    <subfield code="8">DIGITAL</subfield>
    <subfield code="a">CISH</subfield>
    <subfield code="b">CISH</subfield>
    <subfield code="d">2007-05-03</subfield>
    <subfield code="i">C948274</subfield>
    <subfield code="l">0</subfield>
    <subfield code="o">Q/CD-06162</subfield>
    <subfield code="p">0621801</subfield>
    <subfield code="r">2023-04-27 00:00:00</subfield>
    <subfield code="t">1</subfield>
    <subfield code="w">2023-04-27</subfield>
    <subfield code="y">DIGITAL</subfield>
  </datafield>
</record>
